Simulationen mit dem Input-Output Modell Austria III. Annahme-Variante 033, 034. (Szenarien der österreichischen Wirtschaft bis 1990) (Record no. 2403)

MARC details
000 -LEADER
fixed length control field 00495nam a22001697i 4500
001 - CONTROL NUMBER
control field 2424
003 - CONTROL NUMBER IDENTIFIER
control field OSt
005 - DATE AND TIME OF LATEST TRANSACTION
control field 20170126082306.0
007 - PHYSICAL DESCRIPTION FIXED FIELD--GENERAL INFORMATION
fixed length control field tu
008 - FIXED-LENGTH DATA ELEMENTS--GENERAL INFORMATION
fixed length control field 161220s1985 xxu||||| |||| 00| 0 d
024 7# - OTHER STANDARD IDENTIFIER
Standard number or code 2423
Source of number or code RID
040 ## - CATALOGING SOURCE
Transcribing agency OSt
100 1# - MAIN ENTRY--PERSONAL NAME
Personal name Richter, J.
245 00 - TITLE STATEMENT
Title Simulationen mit dem Input-Output Modell Austria III. Annahme-Variante 033, 034. (Szenarien der österreichischen Wirtschaft bis 1990)
260 ## - PUBLICATION, DISTRIBUTION, ETC.
Place of publication, distribution, etc. Wien :
Name of publisher, distributor, etc. Bundeskammer der gewerblichen Wirtschaft,
Date of publication, distribution, etc. 1985.
300 ## - PHYSICAL DESCRIPTION
Dimensions 30cm
942 ## - ADDED ENTRY ELEMENTS (KOHA)
Koha item type Book
Holdings
Withdrawn status Lost status Damaged status Not for loan Home library Current library Shelving location Date acquired Inventory number Total Checkouts Full call number Barcode Date last seen Price effective from Koha item type
        WIIW WIIW Souterrain 06/27/1995 2424   II-4.039 302422 01/26/2017 01/26/2017 Book
The Vienna Instiute for International Economic Studies (wiiw)